000 00543nam a2200181Ia 4500
003 GCL
008 140319s9999 xx 000 0 ara d
040 _aGCL /
_cGCL
082 0 4 _a301.21
_bم م
100 1 _aمحمد عزيز الحبابى
245 1 0 _aمفاهيم مبهمة فى الفكر العربى المعاصر /
_cمحمد عزيز الحبابى
300 _a216 ص
490 _a
650 0 4 _aالعالم العربى
650 0 4 _aالليبرالية
650 0 4 _aالاحوال الثقافية
942 _2ddc
_cBK
999 _c40756
_d40756